Golden paintbrush (Castilleja levisecta) : recovering the gem of the Pacific Northwest grasslands.

Bibliographic Details
Format: Government Document eBook
Language:English
Published: [Washington, D.C.] : U.S. Fish & Wildlife Service, 2007.
Subjects:
Online Access:https://purl.fdlp.gov/GPO/gpo136520

MARC

Tag First Indicator Second Indicator Subfields
LEADER 00000cam a2200000 i 4500
001 in00004339025
005 20211120105551.0
006 m o d f
007 cr |||||||||||
008 200706s2007 dcuab o f000 0 eng c
035 |a (OCoLC)on1163675813 
042 |a pcc 
043 |a n-usp-- 
040 |a GPO  |b eng  |e rda  |e pn  |c GPO  |d MvI 
049 |a WWW 
074 |a 0612 (online) 
086 0 |a I 49.2:G 56 
245 0 0 |a Golden paintbrush (Castilleja levisecta) :  |b recovering the gem of the Pacific Northwest grasslands. 
264 1 |a [Washington, D.C.] :  |b U.S. Fish & Wildlife Service,  |c 2007. 
300 |a 1 online resource (2 unnumbered pages) :  |b color illustrations, one color map 
336 |a text  |b txt  |2 rdacontent 
337 |a computer  |b c  |2 rdamedia 
338 |a online resource  |b cr  |2 rdacarrier 
500 |a "Printed June 2007." 
588 |a Description based on online resource; title from PDF cover (FWS, viewed June 22, 2020). 
650 0 |a Golden paintbrush (Plant)  |x Conservation  |z Northwest, Pacific. 
650 0 |a Endangered plants  |x Conservation  |z Northwest, Pacific. 
710 2 |a U.S. Fish and Wildlife Service,  |e issuing body. 
856 4 0 |u https://purl.fdlp.gov/GPO/gpo136520  |t 0 
999 f f |s fcbf7055-920d-38c2-a073-56436dc8f613  |i e6b82b4f-d2ed-3ca8-ae18-837fb66515c2  |t 0 
952 f f |a Texas A&M University  |b College Station  |c Electronic Resources  |d Available Online  |t 0  |e I 49.2:G 56  |h Superintendent of Documents classification 
998 f f |a I 49.2:G 56  |t 0  |l Available Online